Word Ladder: Tom Petty's Plea Quiz Stats

 Plays Quiz Updated Nov 14, 2017

Score 0/32 Timer 03:00
0 Plays Today
Hint 4-Letter Word % Correct
♪ ___ tread on me ♪♪ DON'T ♪
97.2%
Worth two nickelsDIME
97.1%
FinishedDONE
96.5%
♪ Button on Facebook ♪♪ LIKE ♪
96.1%
Two-wheelerBIKE
96%
Green fruitLIME
96%
♪ Capitol topper ♪♪ DO ME ♪
93.7%
♪ Opposite of this ♪♪ THAT ♪
92.5%
Sock wearersFEET
91.3%
StumbledFELL
90.3%
AccomplishmentFEAT
89.6%
SenseFEEL
89.5%
InvoiceBILL
89.2%
Kind of slawCOLE
89%
Winter garmentCOAT
88.9%
Udder partTEAT
88.4%
Hint 4-Letter Word % Correct
Occupy spaceFILL
87.9%
(I) ♪ Adore ♪ (YOU)♪ (I) LOVE (YOU) ♪
87.3%
Young horseCOLT
87.1%
GallBILE
86.5%
♪ Infant ♪♪ BABY? ♪
85%
Sheltered bayCOVE
84.4%
♪ Question word ♪ (IF)♪ WHAT (IF) ♪
82.4%
Animal fat LARD
79.6%
TalkCHAT
79.1%
StrippedBARE
77.8%
Toyland residentBABE
77.3%
LegendLORE
75.9%
Lady's mateLORD
75%
MinstrelBARD
74.3%
A placeholder for a debtCHIT
59.4%
Small amountWHIT
57.5%

Today's Daily Dose

Quick Pick
'M' Cities

Get the Picture
'South' Countries

You're not logged in!

Compare scores with friends on all Sporcle quizzes.
OR
Log In

Sporcle TV

Today on Sporcle TV


Watch our educational content, quiz creation guides, and fun videos on Sporcle TV.

Show Comments

Extras

Top Quizzes Today


Score Distribution

Your Account Isn't Verified!

In order to create a playlist on Sporcle, you need to verify the email address you used during registration. Go to your Sporcle Settings to finish the process.

Report this User

Report this user for behavior that violates our Community Guidelines.

Details: